| 000 | 00609nam a2200205 i 4500 | ||
|---|---|---|---|
| 001 | 72950 | ||
| 003 | ES-MaACL | ||
| 005 | 20231209062940.0 | ||
| 007 | t| | ||
| 008 | 040903s1956 sp ||||1| spa d | ||
| 100 | 1 |
_aGómez-Santos, Marino, _d1930-2020 _958158 |
|
| 245 | 1 | 1 |
_a"Figaro" o La vida de prisa / _cMarino Gómez-Santos. |
| 260 |
_aMadrid : _b[s.n., _c1956] ( _fGráf. Sánchez) |
||
| 300 |
_a276 p. ; _c18 cm. |
||
| 490 | 1 |
_aEl grifón ; _v26 |
|
| 740 | 3 | _aLa vida de prisa. | |
| 830 | 0 |
_aEl grifón ; _v26 _9181273 |
|
| 852 |
_aES-MaACL _jC-11944 _bR.39980 |
||
| 999 |
_c72950 _d72950 |
||